Normal view
MARC view
- Salmon, Charles/John johnson
Entry Personal Name
001 - CONTROL NUMBER
- control field: 4889
003 - CONTROL NUMBER IDENTIFIER
- control field: JO-AjAnu
005 - DATE AND TIME OF LATEST TRANSACTION
- control field: 20230606071109.0
008 - FIXED-LENGTH DATA ELEMENTS
- fixed length control field: 230606|| aca||aabn | a|a d
040 ## - CATALOGING SOURCE
- Original cataloging agency: JO-AjAnu
- Transcribing agency: JO-AjAnu
100 ## - HEADING--PERSONAL NAME
- Personal name: Salmon, Charles/John johnson
670 ## - SOURCE DATA FOUND
- Source citation: Work cat.: (JO-AjAnu)2528: Salmon, Charles/John johnson, author, Steel Structures (Design and Behavior)